Psych Quiz - Statistics

General Stats
  • This quiz has been taken 996 times
    949 since last reset
  • The average score is 11 of 15
Answer Stats
Hint Answer % Correct
Shawn's nickname for Lassiter Lassie
95%
What year did Psych first air 2006
93%
Shawn's favorite fruit Pineapple
92%
Shawn's dad's name Henry Spencer
90%
What is Shawn's "power" He is Psychic
89%
Actor that plays Gus Dule Hill
88%
Actor that plays Shawn James Roday
85%
What is Gus's job pharmaceutical salesman
85%
Shows theme song I Know You Know
73%
Where was Juliet before Santa Barbara Miami
69%
Shawn's moms job police psychologist
57%
Gus's superhero name(at comicon) Magic Head
53%
Shawn's wedding gift to Mcnabb "Little boy" Cat
49%
Canadian art theif Pierre Despereaux
42%
Bands that sings theme song Friendly Indians
31%
No matching quizzes found
Score Distribution
Percent of People with Each Score
Percentile by Number Answered
Your Score History
You have not taken this quiz since the last reset